| 000 | 00424pab a2200157 454500 | ||
|---|---|---|---|
| 008 | 180718b1983 xxu||||| |||| 00| 0 eng d | ||
| 100 | _aKamlet, Mark S. | ||
| 245 | _aBudgetary side payment and government growth, 1953-1968 | ||
| 260 | _c1983 | ||
| 300 | _a636-64 | ||
| 362 | _aNov. | ||
| 650 | _aBudgetary Control - U.S.A. | ||
| 700 | _aDavid C. Mowery | ||
| 773 | _aAmercian Journal of Political Science | ||
| 909 | _a4895 | ||
| 999 |
_c4895 _d4895 |
||